Cristal de iluciones / (Registro nro. 14099)

Detalles MARC
000 -LIDER
fixed length control field 00505nam a22001697a 4500
003 - IDENTIFICACDOR DE NÚMERO DE CONTROL
control field DO-SdBNP
005 - DATE AND TIME OF LATEST TRANSACTION
control field 20220322090754.0
008 - ELEMENTOS DE LONGITUD FIJA
fixed length control field 220322b1995 dr ||| |||| 00| 0 spa d
040 ## - FUENTE DE CATALOGACIÓN
Agencia que crea de manera original el registro BPMSU
Agencia que realiza la transcripción BPMSU
082 ## - NÚMERO DE CLASIFICACIÓN DECIMAL DE DEWEY
Item number G861c 1995
100 1# - ASIENTO PRINCIPAL -- NOMBRE PERSONAL
Nombre personal Grimaldi, Silié Eleanor
Fechas asociadas con el nombre 1948-
245 ## - MENCIÓN DE TITULO
Título Cristal de iluciones /
Mención de responsabilidad Eleanor Grimaldi Silié, ilustradora :Teresita Jiménez
260 ## - PUBLICACIÓN, DISTRIBUCIÓN, ETC. (PIE DE IMPRENTA)
Lugar de publicación, distribución, etc Santo Domingo:
Nombre del editor, distribuidor, etc. editora taller
Fecha de publicación, distribución, etc 1995
300 ## - DESCRIPCIÓN FÍSICA
Extensión 52 p;
Otros detalles físicos ilus;
Dimensiones 22 cm
700 ## - ASIENTO SECUNDARIO -- NOMBRE PERSONAL
Nombre personal Teresita Jiménez
942 ## - ADDED ENTRY ELEMENTS (KOHA)
Source of classification or shelving scheme Dewey Decimal Classification
Koha item type Libros
Existencias
Withdrawn status Lost status Source of classification or shelving scheme Damaged status Not for loan Home library Current library Date acquired Total Checkouts Full call number Date last seen Price effective from Koha item type
    Dewey Decimal Classification     Biblioteca Pública Metropolitana Salomé Ureña Biblioteca Pública Metropolitana Salomé Ureña 03/22/2022   G861c 1995 03/22/2022 03/22/2022 Libros